ARRUPE JESUIT UNIVERSITY

CORONAVIRUS -STOP THE SPREAD - CLEAN,DISINFECT,COVER

Decolonization and the evolution of international human rights / (Record no. 128116)

MARC details
000 -LEADER
fixed length control field 01686cam a2200301 a 4500
001 - CONTROL NUMBER
control field 15816707
003 - CONTROL NUMBER IDENTIFIER
control field ARRUPE
005 - DATE AND TIME OF LATEST TRANSACTION
control field 20180906111337.0
008 - FIXED-LENGTH DATA ELEMENTS--GENERAL INFORMATION
fixed length control field 090714s2010 pau b 001 0 eng
010 ## - LIBRARY OF CONGRESS CONTROL NUMBER
LC control number 2009029042
020 ## - INTERNATIONAL STANDARD BOOK NUMBER
International Standard Book Number 9780812242195 (alk. paper)
020 ## - INTERNATIONAL STANDARD BOOK NUMBER
International Standard Book Number 081224219X (alk. paper)
035 ## - SYSTEM CONTROL NUMBER
System control number (OCoLC)ocn426147429
040 ## - CATALOGING SOURCE
Original cataloging agency DLC
Transcribing agency DLC
Modifying agency YDX
-- CDX
-- BWX
-- RCJ
-- YDXCP
-- DLC
050 00 - LIBRARY OF CONGRESS CALL NUMBER
Classification number JC571
Item number .B85 2010
082 00 - DEWEY DECIMAL CLASSIFICATION NUMBER
Classification number 323
Edition number 22
300 ## - PHYSICAL DESCRIPTION
Dimensions 24 cm.
100 1# - MAIN ENTRY--PERSONAL NAME
Personal name Burke, Roland.
9 (RLIN) 42027
245 10 - TITLE STATEMENT
Title Decolonization and the evolution of international human rights /
Statement of responsibility, etc Roland Burke.
260 ## - PUBLICATION, DISTRIBUTION, ETC. (IMPRINT)
Place of publication, distribution, etc Philadelphia :
Name of publisher, distributor, etc University of Pennsylvania Press,
Date of publication, distribution, etc c2010.
300 ## - PHYSICAL DESCRIPTION
Extent 234 p. ;
490 1# - SERIES STATEMENT
Series statement Pennsylvania studies in human rights
504 ## - BIBLIOGRAPHY, ETC. NOTE
Bibliography, etc Includes bibliographical references and index.
505 0# - FORMATTED CONTENTS NOTE
Formatted contents note Human rights and the birth of the third world : the Bandung Conference -- "Transforming the end into the means" : the third world and the right to self-determination -- Putting the stamps back on : apartheid, anticolonialism, and the accidental birth of a universal right to petition -- "It is very fitting" : celebrating freedom in the Shah's Iran, the first world conference on human rights, Tehran 1968 -- "According to their own norms of civilization" : the rise of cultural relativism and the decline of human rights.
650 #0 - SUBJECT ADDED ENTRY--TOPICAL TERM
Topical term or geographic name as entry element Human rights.
9 (RLIN) 42028
650 #0 - SUBJECT ADDED ENTRY--TOPICAL TERM
Topical term or geographic name as entry element Decolonization.
9 (RLIN) 9993
830 #0 - SERIES ADDED ENTRY--UNIFORM TITLE
Uniform title Pennsylvania studies in human rights.
9 (RLIN) 19012
906 ## - LOCAL DATA ELEMENT F, LDF (RLIN)
a 7
b cbc
c orignew
d 1
e ecip
f 20
g y-gencatlg
942 ## - ADDED ENTRY ELEMENTS (KOHA)
Source of classification or shelving scheme Library of Congress Classification
Koha item type Monograph ( Printed materials)
Holdings
Withdrawn status Lost status Source of classification or shelving scheme Damaged status Not for loan Collection code Home library Current library Shelving location Date acquired Total Checkouts Full call number Barcode Date last seen Price effective from Koha item type
    Library of Congress Classification     Main Collection ARRUPE LIBRARY ARRUPE LIBRARY Main Collection 06/09/2018   JC571 .B85 2010 46600002226 06/09/2018 06/09/2018 Monograph ( Printed materials)

 

Arrupe Library. PO Box MP320 Mt Pleasant, Harare, Zimbabwe
263 242 745411|librarian@aju.ac.zw